[Event "Challenge"]
[Site "http://www.queenalice.com/game.php?id=218087"]
[Date "2007.5.29"]
[Round "-"]
[White "teonaute"]
[Black "valerie973"]
[Result "0-1"]
[WhiteElo "1536"]
[BlackElo "1518"]

1. d4 d5 2. Nf3 Nc6 3. e3 Nf6 4. Bd3 g6 5. c3 Bg7 6. Nbd2 Bg4 7. e4 e6 8. O-O
Nh5 9. g3 e5 10. Qe1 f5 11. c4 dxe4 12. Bxe4 fxe4 13. Qxe4 Bxf3 14. Nxf3 Nf6 15.
Qe2 O-O 16. Rd1 exd4 17. Bg5 Re8 18. Qf1 Qd6 19. Bf4 Qd7 20. a3 Ne4 21. Ng5 Nxg5
22. Bxg5 Re5 23. f4 Re4 24. Qf3 Rae8 25. b4 Re3 26. Qg2 d3 27. b5 Bxa1 28. bxc6
Re1+ 29. Rxe1 Rxe1+ 30. Kf2 d2 31. cxd7 Bd4+ 32. Kf3 d1=Q+ 33. Qe2 Qxe2# 0-1

[Event "Challenge"]
[Site "http://www.queenalice.com/game.php?id=228206"]
[Date "2007.6.20"]
[Round "-"]
[White "kfe"]
[Black "teonaute"]
[Result "1-0"]
[WhiteElo "1541"]
[BlackElo "1519"]

1. e4 c6 2. d4 d5 3. e5 Bf5 4. g4 Bg6 5. h4 f6 6. e6 Qd6 7. Qe2 Be4 8. g5 f5 9.
Rh3 Qxe6 10. f3 Nd7 11. fxe4 fxe4 12. Rb3 h6 13. Rxb7 hxg5 14. Bxg5 O-O-O 15.
Rxa7 Nb6 16. Qa6+ Kb8 17. Qb7# 1-0

[Event "Challenge"]
[Site "http://www.queenalice.com/game.php?id=228207"]
[Date "2007.6.20"]
[Round "-"]
[White "teonaute"]
[Black "kfe"]
[Result "0-1"]
[WhiteElo "1487"]
[BlackElo "1465"]

1. e4 e5 2. d4 Nf6 3. f3 d6 4. Bc4 a6 5. Ne2 b5 6. Bb3 c6 7. Bg5 h6 8. Bh4 g5 9.
Bg3 g4 10. Bh4 Be7 11. Nbc3 gxf3 12. gxf3 exd4 13. Nxd4 c5 14. Nde2 c4 15. Nd4
cxb3 16. cxb3 b4 17. Nce2 d5 18. e5 Nh5 19. Bf2 Bg5 20. Nc2 Nc6 21. f4 Nxf4 22.
Ng3 Ng2+ 23. Kf1 Bh3 24. Kg1 Nxe5 25. Nd4 Ne3 26. Qe2 Bg4 27. Qe1 Qf6 28. Bxe3
O-O 29. h3 Bf3 30. Kh2 Bh4 31. Rg1 Bg4 32. Rf1 Qd6 33. Rc1 Rfe8 34. Rc6 Nxc6 35.
Nc2 Re4 36. Rg1 Bg5 37. hxg4 Rae8 38. a3 Rxe3 39. Nxe3 Rxe3 40. Qf1 Qe5 41. Qxa6
Bf4 42. Qxc6 Qxb2+ 0-1

[Event "Challenge"]
[Site "http://www.queenalice.com/game.php?id=232130"]
[Date "2007.6.29"]
[Round "-"]
[White "charles31"]
[Black "teonaute"]
[Result "1-0"]
[WhiteElo "1852"]
[BlackElo "1470"]

1. e4 e5 2. Nf3 Nc6 3. Nc3 Nf6 4. a3 d6 5. Bb5 Bd7 6. d4 a6 7. Ba4 b5 8. Bb3 Qe7
9. d5 Nd8 10. Bg5 h6 11. Bh4 g5 12. Bg3 Ng4 13. h3 Nf6 14. Qd2 c6 15. dxc6 Bc8
16. Nd5 Nxe4 17. Qd3 Qa7 18. Qxe4 Nxc6 19. O-O Bg7 20. Nd2 O-O 21. c3 Re8 22.
Bc2 f5 23. Qe2 Be6 24. Bb3 f4 25. Bh2 Na5 26. Ba2 Rab8 27. b4 Nc6 28. Qd3 Ne7
29. Nxe7+ Rxe7 30. Qxd6 Qd7 31. Bxe6+ Qxe6 32. Qxb8+ Re8 33. Qb7 Qd6 34. Rad1
Rb8 35. Qe4 a5 36. Nc4 Qe6 37. Nxa5 Rc8 38. Rd3 h5 39. Rfd1 Qa2 40. Rd8+ Rxd8
41. Rxd8+ Kf7 42. Qb7+ Kf6 43. Qc6+ Kf5 44. Qxb5 Qb2 45. f3 Qb1+ 46. Qf1 Qc2 47.
Nc4 g4 48. fxg4+ hxg4 49. Ne3+ 1-0

[Event "Challenge"]
[Site "http://www.queenalice.com/game.php?id=232131"]
[Date "2007.6.29"]
[Round "-"]
[White "teonaute"]
[Black "charles31"]
[Result "0-1"]
[WhiteElo "1504"]
[BlackElo "1804"]

1. d4 d5 2. e3 Nf6 3. Nc3 e6 4. Bd3 Bb4 5. Bd2 a6 6. Nf3 Nc6 7. O-O Qd6 8. a3
Bxc3 9. Bxc3 Bd7 10. Re1 h6 11. e4 dxe4 12. Bxe4 g5 13. b4 Qe7 14. h3 O-O-O 15.
Ne5 Nxe5 16. dxe5 Nh5 17. Qxh5 Be8 18. Qe2 h5 19. Qe3 Kb8 20. Red1 f5 21. Bf3 g4
22. Be2 gxh3 23. Qxh3 Bc6 24. Rd2 Qg5 25. Rad1 Rxd2 26. Bxd2 Qg6 27. g3 h4 28.
Rc1 Rh7 29. Be3 hxg3 30. Qxg3 Rh1# 0-1

[Event "Challenge"]
[Site "http://www.queenalice.com/game.php?id=281236"]
[Date "2007.10.4"]
[Round "-"]
[White "TomBishop"]
[Black "teonaute"]
[Result "1-0"]
[WhiteElo "1487"]
[BlackElo "1468"]

1. d4 b6 2. e4 c5 3. d5 Nf6 4. e5 Ng8 5. Nf3 Bb7 6. e6 fxe6 7. dxe6 d6 8. Be2
Nf6 9. O-O Qc8 10. Re1 Qxe6 11. Bb5+ Nc6 12. Rxe6 a6 13. Bxc6+ Bxc6 14. Bg5 Bd7
15. Re2 h6 16. Bf4 Nh5 17. Bxd6 g5 18. Qe1 Rh7 19. Nc3 Nf6 20. Bxe7 1-0

[Event "Challenge"]
[Site "http://www.queenalice.com/game.php?id=282539"]
[Date "2007.10.7"]
[Round "-"]
[White "teonaute"]
[Black "valerie973"]
[Result "0-1"]
[WhiteElo "1500"]
[BlackElo "1570"]

1. e4 d5 2. Nc3 Nf6 3. f3 dxe4 4. Nxe4 Nxe4 5. fxe4 e5 6. Nf3 Nc6 7. Bc4 Bg4 8.
b3 Nd4 9. Rf1 b5 10. Bd3 Bc5 11. c3 Nxf3+ 12. gxf3 Bh3 13. Bxb5+ Kf8 14. Rh1 Bg2
15. Rf1 Bxf1 16. Kxf1 Qh4 17. Ke2 Rd8 18. b4 Qf2# 0-1

[Event "AUTO-INT-861"]
[Site "http://www.queenalice.com/game.php?id=384693"]
[Date "2008.4.9"]
[Round "1"]
[White "CJ"]
[Black "teonaute"]
[Result "1-0"]
[WhiteElo "1621"]
[BlackElo "1429"]

1. e4 c6 2. Bc4 d5 3. exd5 cxd5 4. Bb5+ Bd7 5. Bxd7+ Qxd7 6. Nc3 Nf6 7. d4 e6 8.
Qf3 Bb4 9. Ne2 Nc6 10. Bh6 gxh6 11. Qxf6 Rg8 12. O-O-O Qc7 13. a3 Ba5 14. Rd3
Rxg2 15. Qh8+ Ke7 16. Qxa8 Rxh2 17. Rg1 Rxf2 18. b4 Bb6 19. Nxd5+ exd5 20. Re3+
Kd7 21. Qe8+ Kd6 22. Qf8+ Ne7 23. Qxh6+ 1-0

[Event "AUTO-INT-861"]
[Site "http://www.queenalice.com/game.php?id=384694"]
[Date "2008.4.9"]
[Round "1"]
[White "teonaute"]
[Black "CJ"]
[Result "0-1"]
[WhiteElo "1421"]
[BlackElo "1629"]

1. e4 e5 2. Nf3 Nc6 3. Bc4 Nh6 4. Nc3 Bc5 5. a3 Bxf2+ 6. Kxf2 Qf6 7. Nd5 Qd6 8.
b4 Ng4+ 9. Kg1 Nd4 10. Ng5 O-O 11. Qxg4 h6 12. Nf3 Qc6 13. Bd3 d6 14. Ne7+ Kh8
15. Nxc6 Bxg4 16. Nfxd4 exd4 17. Bb2 bxc6 18. a4 g6 19. Bxd4+ f6 20. Rf1 Kg7 0-1

[Event "AUTO-INT-861"]
[Site "http://www.queenalice.com/game.php?id=384711"]
[Date "2008.4.9"]
[Round "1"]
[White "teonaute"]
[Black "Frost"]
[Result "0-1"]
[WhiteElo "1445"]
[BlackElo "1456"]

1. e4 e5 2. f4 exf4 3. Nf3 g5 4. Nc3 h6 5. Bc4 Nf6 6. d3 d6 7. Bd2 g4 8. Nh4 Nh5
9. Qe2 Bg7 10. Nf5 Be5 11. O-O-O b6 12. Qxg4 Nf6 13. Qf3 h5 14. Nd5 a6 15. d4
Ng4 16. Bc3 b5 17. Bb3 c6 18. Nxf4 Bf6 19. h3 Nh6 20. g4 Bg5 21. Ng7+ Ke7 0-1

[Event "AUTO-INT-861"]
[Site "http://www.queenalice.com/game.php?id=384712"]
[Date "2008.4.9"]
[Round "1"]
[White "Frost"]
[Black "teonaute"]
[Result "1-0"]
[WhiteElo "1515"]
[BlackElo "1407"]

1. e4 e5 2. Nf3 d6 3. d4 f5 4. exf5 Bxf5 5. dxe5 d5 6. Bg5 Be7 7. h4 h6 8. Bxe7
Nxe7 9. Nd4 Qd7 10. Bb5 c6 11. Bd3 g6 12. Bxf5 gxf5 13. e6 Qd6 14. Qh5+ Kd8 15.
g4 Qe5+ 16. Kf1 Qxd4 17. Na3 Na6 18. gxf5 Qf6 19. Qf7 Qxf7 20. exf7 Rf8 21. Re1
Nxf5 22. Re8+ Rxe8 23. Rg1 Ne7 24. c4 d4 25. Rg4 d3 26. Rd4+ Nd5 27. cxd5 c5 28.
Rxd3 Rf8 29. Rf3 1-0

[Event "AUTO-INT-861"]
[Site "http://www.queenalice.com/game.php?id=384713"]
[Date "2008.4.9"]
[Round "1"]
[White "teonaute"]
[Black "Corinthians17"]
[Result "0-1"]
[WhiteElo "1472"]
[BlackElo "1517"]

1. e4 e5 2. d4 exd4 3. c3 dxc3 4. Nxc3 Nf6 5. Nf3 Bb4 6. Bd2 Nc6 7. Bc4 d5 8. b3
dxc4 9. bxc4 O-O 10. O-O Bg4 11. a3 Bxc3 12. Ra2 Nxe4 13. Qe2 Bxf3 14. Qxf3 Nxd2
15. Qxc3 Nxf1 16. Kxf1 Qd4 17. Qd2 Rad8 18. g3 Qxd2 19. Rxd2 Rxd2 20. a4 Rd1+
21. Kg2 Rc1 22. c5 Rxc5 23. Kg1 Ra5 24. Kg2 Rxa4 25. Kg1 b5 26. Kg2 b4 27. Kg1
b3 28. Kg2 b2 29. Kg1 b1=Q+ 30. Kg2 Re8 31. Kh3 g5 0-1

[Event "AUTO-INT-861"]
[Site "http://www.queenalice.com/game.php?id=384714"]
[Date "2008.4.9"]
[Round "1"]
[White "Corinthians17"]
[Black "teonaute"]
[Result "1-0"]
[WhiteElo "1531"]
[BlackElo "1458"]

1. e4 c6 2. Nf3 d5 3. exd5 Nf6 4. dxc6 Nxc6 5. Nc3 Bf5 6. d4 e6 7. Bb5 Bb4 8.
Bd2 O-O 9. O-O Nxd4 10. Bg5 Bc5 11. Bxf6 Qxf6 12. Nxd4 Rad8 13. Bd3 Rxd4 14. Na4
Rxa4 15. Bxf5 Qxf5 16. Qd7 Rh4 17. Rad1 Qf4 18. g3 Rg4 19. h3 Bxf2+ 20. Rxf2
Qxg3+ 21. Kf1 Qxh3+ 22. Ke1 Qe3+ 23. Kf1 Qh3+ 24. Ke1 Re4+ 25. Re2 Qh4+ 26. Kd2
Rd4+ 27. Qxd4 Qxd4+ 28. Ke1 Qg1+ 29. Kd2 Rd8+ 30. Kc3 Qxd1 31. Rd2 Qxd2+ 32. Kb3
Qe3+ 33. c3 h5 34. a4 1-0

[Event "Challenge"]
[Site "http://www.queenalice.com/game.php?id=393813"]
[Date "2008.4.26"]
[Round "-"]
[White "ORNELAS"]
[Black "teonaute"]
[Result "1-0"]
[WhiteElo "1658"]
[BlackElo "1413"]

1. d4 c6 2. Nf3 d5 3. g3 Nf6 4. Bg5 Bf5 5. Bxf6 gxf6 6. Bg2 e6 7. O-O Bd6 8. Qd2
h6 9. Nc3 Nd7 10. Nh4 Bh7 11. Qxh6 f5 12. Qg7 Rf8 13. Qxh7 Nf6 14. Qh6 Qe7 15.
e3 Ng4 16. Qg7 b5 17. Bf3 Nf6 18. Ne2 Nh5 19. Bxh5 1-0

[Event "Challenge"]
[Site "http://www.queenalice.com/game.php?id=404889"]
[Date "2008.5.18"]
[Round "-"]
[White "andrefriburgo"]
[Black "teonaute"]
[Result "0-1"]
[WhiteElo "1407"]
[BlackElo "1395"]

1. e4 e5 2. Nf3 Nc6 3. Bc4 Bc5 4. O-O Nf6 5. Nc3 d6 6. Ng5 a6 7. Nxf7 Qd7 8.
Nxh8 Nd4 9. Nf7 b5 10. Nh8 bxc4 11. d3 c6 12. dxc4 Ne6 13. Bg5 Nxg5 14. Qd2 Qg4
15. Qd3 Rb8 16. Na4 Bd4 17. Qa3 Nfxe4 18. c3 Nh3+ 19. Kh1 Nexf2+ 20. Rxf2 Nxf2+
21. Kg1 Nh3+ 0-1